| 000 | 00969nam a22002537a 4500 | ||
|---|---|---|---|
| 001 | 43967 | ||
| 003 | UA-OsUOA | ||
| 005 | 20260326111414.0 | ||
| 008 | 20091202b un ||||| |||| 00| 0 ukr d | ||
| 020 | _a092151753X | ||
| 040 |
_aUA-OsUOA _beng _cUA-OsUOA _dUA-OsUOA |
||
| 041 | _aeng | ||
| 080 | _a27 | ||
| 090 |
_a27 _bS55 |
||
| 100 |
_aYereniuk R. _924683 |
||
| 245 |
_aA Short Historical Outline of the Ukrainian Orthodox Church of Canada (UOCC) _bOn the Occasion of the 90th Anniversary of the Church (1918-2008) _cProf. Roman Yereniuk |
||
| 260 |
_aWinnipeg _bEcclesia Publishing Corporation _c2008 |
||
| 300 | _a37 p. | ||
| 650 | 7 |
_2UDC _a27 Християнство. Християнське віросповідання. Християнські церкви і деномінації _924684 |
|
| 942 |
_cBR _2udc |
||
| 955 | _a0 | ||
| 999 |
_c423814 _d423814 |
||